Guide to house rebuilding costs (Record no. 104082)

MARC details
000 -LEADER
fixed length control field 00979cam a2200265 4500
001 - CONTROL NUMBER
control field L129009
008 - FIXED-LENGTH DATA ELEMENTS--GENERAL INFORMATION
fixed length control field 000000n2005 000 0 eng u
020 ## - INTERNATIONAL STANDARD BOOK NUMBER
International Standard Book Number 1904829201
035 ## - SYSTEM CONTROL NUMBER
System control number (Sirsi) u129009
041 ## - LANGUAGE CODE
Language code of text/sound track or separate title eng
050 ## - LIBRARY OF CONGRESS CALL NUMBER
Classification number 690.23
-- 18
110 ## - MAIN ENTRY--CORPORATE NAME
Corporate name or jurisdiction name as entry element Building Cost Information Service
9 (RLIN) 1096
245 ## - TITLE STATEMENT
Title Guide to house rebuilding costs
Remainder of title regional supplement 2005
250 ## - EDITION STATEMENT
Edition statement 12th ed.
260 ## - PUBLICATION, DISTRIBUTION, ETC.
Place of publication, distribution, etc. London
Name of publisher, distributor, etc. RICS
Date of publication, distribution, etc. 2005
300 ## - PHYSICAL DESCRIPTION
Extent 64p. ; 30cm
350 ## - PRICE (NR) (BK AM CF MU VM SE) [OBSOLETE]
Price £70.00
520 ## - SUMMARY, ETC.
Summary, etc. Supplement to the "Guide to house rebuilding costs 2005" (ISBN 1904829198) which provides regional rebuilding cost tables by gross external and gross internal floor area. Also includes a table of regional, county and local factors.
650 ## - SUBJECT ADDED ENTRY--TOPICAL TERM
Topical term or geographic name entry element HOUSE REBUILDING COSTS
650 ## - SUBJECT ADDED ENTRY--TOPICAL TERM
Topical term or geographic name entry element INSURANCE COSTS
650 ## - SUBJECT ADDED ENTRY--TOPICAL TERM
Topical term or geographic name entry element BUILT ENVIRONMENT-BUILDING COSTS-REINSTATEMENT COSTS
650 ## - SUBJECT ADDED ENTRY--TOPICAL TERM
Topical term or geographic name entry element REINSTATEMENT COST ASSESSMENT
690 ## - LOCAL SUBJECT ADDED ENTRY--TOPICAL TERM (OCLC, RLIN)
Topical term or geographic name as entry element BUILT ENVIRONMENT-BUILDING COSTS
942 ## - ADDED ENTRY ELEMENTS (KOHA)
Suppress in OPAC 0
Holdings
Withdrawn status Lost status Source of classification or shelving scheme Damaged status Not for loan Home library Current library Shelving location Date acquired Total Checkouts Full call number Barcode Date last seen Copy number Price effective from Koha item type Date last checked out
    Dewey Decimal Classification     London London RICS Boxes 18/07/2005   RICS 2005/25 30070619 06/08/2019 1 06/08/2019 Archive  
    Dewey Decimal Classification     London London RICS Boxes 18/07/2005   RICS 2005/25 30070620 06/08/2019 2 06/08/2019 Reference material  
    Dewey Decimal Classification     London London RICS Boxes 18/07/2005 2 RICS 2005/25 30070622 06/08/2019 4 06/08/2019 Book 28/09/2005